News von 2025 - Nenne das Land - Statistiken

Allgemein
  • Dieses Quiz wurde 5.362 mal gespielt
  • Das Durchschnittsergebnis liegt bei 7 aus 16
Antwortstatistiken
Nachricht Land % Korrekt
Die Kronjuwelen dieses Landes werden am hellichten Tag gestohlen in __________. Frankreich
91%
Der neue Papst, Leo XIV., ist der erste der in diesem Land geboren wurde: __________ ______ Vereinigte Staaten
83%
Während die meiste Opposition von der Wahl ausgeschossen ist, wird Alexander Lukaschenko als Präsident von _______ wiedergewählt, eine Position die er seit 1994 inne hat. Belarus
75%
Die Vereinigten Staaten bombardieren die Kernanlagen des ____. Iran
75%
Die höchste Brücke der Welt wird in _____ eröffnet, sie überquert eine 625 Meter tiefe Schlucht. China
70%
Jair Bolsonaro, ehemaliger Präsident von _________, wird zu 27 Jahren Gefängnis verurteilt. Brasilien
58%
Die Vereinigten Staaten beschlagnahmen Öltanker aus ________. Venezuela
52%
Die _______ greift mit Drohnen Öl-Infrastruktur im Schwarzen und Kaspischen Meer an. Ukraine
50%
Moskitos werden in ______ entdeckt, das bis dahin als das einzige Moskito-freie Land der Welt galt. Island
43%
Die Mordrate von __ ______ fällt auf nur 1.33 – die niedrigste in den Amerikas. El Salvador
40%
_______ kündigt Pläne zum Bau einer Brücke über die Straße von Messina an. Italien
34%
Die Regierung von ____ versucht YouTube zu verbieten, was zu tödlichen "Gen-Z Protesten" führt, und den Rücktritt des Premierministers zur Folge hat. Nepal
24%
Der Bürgermeister von Uruapan in ______ wird ermordet, was zu Protesten gegen die Regierung, wegen ihres zu laschen Umgangs mit organisierter Kriminalität, führt. Mexiko
21%
_____ wählt seine erste Premierministerin, eine stramme Gegnerin der Immigration. Japan
17%
_________ erhält den Besitz des Chagos-Archipels vom Vereinigten Königreich. Mauritius
7%
Hayli Gubbi, ein Vulkan in _________, bricht nach tausenden Jahren der Untätigkeit aus. Äthiopien
6%
Keine übereinstimmenden Quizze gefunden
Verteilung der Resultate
Anzahl Personen mit jedem Resultat
Perzentil nach korrekt beantworteten Fragen
Ihre Resultats-Entwicklung
Sie haben dieses Quiz noch nicht gespielt